| 000 | 00571nam a2200181 a 4500 | ||
|---|---|---|---|
| 005 | 20210223120855.0 | ||
| 008 | 991125s1963 was 000 0 spa u | ||
| 035 | _aUPN01000008449 | ||
| 049 | _aCG | ||
| 050 | 4 |
_aHF5549 _bE8.2 |
|
| 245 | 0 | 0 |
_aClassification principles and policies / _cUnited States Civil Service Commission. |
| 260 |
_aWashington : _bCivil Service Commision, _c1963. |
||
| 300 | _a74 p. | ||
| 440 | 0 |
_aPersonnel management series ; _v16 |
|
| 650 | 4 |
_aPERSONAL - _xDIRECCION _911025 |
|
| 710 | 2 |
_aEstados Unidos. _bCivil Service Commission |
|
| 905 | _aLibro | ||
| 999 |
_c8449 _d8449 |
||